| 000 | 00687nam a2200205Ia 4500 | ||
|---|---|---|---|
| 003 | OSt | ||
| 005 | 20220926021849.0 | ||
| 006 | a|||||r|||| 00| 0 | ||
| 007 | ta | ||
| 008 | 220923b |||||||| |||| 00| 0 eng d | ||
| 037 | _cGeneral Book | ||
| 040 |
_aRTL _cRTL _beng |
||
| 041 |
_2eng _aeng |
||
| 082 | _aX:77.3.N71r, L1 | ||
| 245 | 0 |
_aCo-operation for economic development of eastern Africa ,Depaartment of economic and social affairs _b Report of the eastern african team , part six co-operation in energy . |
|
| 260 |
_aNew York _bUnited Nations _c1971 |
||
| 300 |
_avii,35p _ccm. |
||
| 942 |
_hX:77.3.N71r, L1 _cGB _2CC |
||
| 999 |
_c637866 _d637866 |
||